<?xml version="1.0" encoding="UTF-8"?>
<collection xmlns="http://www.loc.gov/MARC21/slim">
 <record>
  <leader>00964aam a22002538a 4500</leader>
  <controlfield tag="001">00043743</controlfield>
  <controlfield tag="005">20190311100328.0</controlfield>
  <controlfield tag="008">140604s2013                  ||||||viesd</controlfield>
  <datafield tag="020" ind1="#" ind2="#">
   <subfield code="c">0</subfield>
   <subfield code="a">978 604 53 69 40</subfield>
  </datafield>
  <datafield tag="041" ind1="0" ind2="#">
   <subfield code="a">vie</subfield>
  </datafield>
  <datafield tag="082" ind1="1" ind2="#">
   <subfield code="a">398.209 597</subfield>
   <subfield code="b">TR527C</subfield>
  </datafield>
  <datafield tag="100" ind1="1" ind2="#">
   <subfield code="a">Trương, Thông Tuần</subfield>
   <subfield code="e">Sưu tầm , giới thiệu</subfield>
  </datafield>
  <datafield tag="245" ind1="1" ind2="0">
   <subfield code="c">Trương Thông Tuần (Sưu tầm , giới thiệu)</subfield>
   <subfield code="a">Truyện cổ M'Nông</subfield>
   <subfield code="b">Nghiên cứu</subfield>
   <subfield code="n">Tập 2</subfield>
  </datafield>
  <datafield tag="260" ind1="#" ind2="#">
   <subfield code="a">Hà Nội</subfield>
   <subfield code="b">Hội nhà văn</subfield>
   <subfield code="c">2016</subfield>
  </datafield>
  <datafield tag="300" ind1="#" ind2="#">
   <subfield code="a">355 tr.</subfield>
   <subfield code="c">21 cm.</subfield>
  </datafield>
  <datafield tag="500" ind1="#" ind2="#">
   <subfield code="a">ĐTTS ghi:  Hội văn nghệ dân gian Việt Nam</subfield>
  </datafield>
  <datafield tag="653" ind1="#" ind2="#">
   <subfield code="a">Dân tộc M'Nông</subfield>
  </datafield>
  <datafield tag="653" ind1="#" ind2="#">
   <subfield code="a">Truyện cổ</subfield>
  </datafield>
  <datafield tag="653" ind1="#" ind2="#">
   <subfield code="a">Việt Nam</subfield>
  </datafield>
  <datafield tag="653" ind1="#" ind2="#">
   <subfield code="a">Văn học dân gian</subfield>
  </datafield>
  <datafield tag="710" ind1="#" ind2="#">
   <subfield code="a">Hội văn nghệ dân gian Việt Nam</subfield>
  </datafield>
  <datafield tag="852" ind1="#" ind2="#">
   <subfield code="j">KD.0025557</subfield>
  </datafield>
  <datafield tag="910" ind1="0" ind2="#">
   <subfield code="d">11/3/2019</subfield>
  </datafield>
  <datafield tag="980" ind1="#" ind2="#">
   <subfield code="a">Trung tâm Học liệu Lê Vũ Hùng, Trường Đại học Đồng Tháp</subfield>
  </datafield>
 </record>
</collection>
